Bullshit jobs (Record no. 4978)

MARC details
000 -CABECERA
campo de control de longitud fija 03107nam a2200361 i 4500
001 - NÚMERO DE CONTROL
campo de control on1030241785
003 - IDENTIFICADOR DEL NÚMERO DE CONTROL
campo de control OCoLC
005 - FECHA Y HORA DE LA ÚLTIMA TRANSACCIÓN
campo de control 20250923101225.0
008 - DATOS DE LONGITUD FIJA--INFORMACIÓN GENERAL
campo de control de longitud fija 180730t20182018nyua b 000 0 eng d
010 ## - NÚMERO DE CONTROL DE LA BIBLIOTECA DEL CONGRESO
Número de control de LC 2017301179
020 ## - NÚMERO INTERNACIONAL ESTÁNDAR DEL LIBRO
Número Internacional Estándar del Libro 9781501143335
035 ## - NÚMERO DE CONTROL DEL SISTEMA
Número de control de sistema (OCoLC)1030241785
Número de control cancelado/no válido (OCoLC)975119724
-- (OCoLC)975364644
-- (OCoLC)1035946091
-- (OCoLC)1038506403
-- (OCoLC)1088913068
040 ## - FUENTE DE LA CATALOGACIÓN
Centro/agencia transcriptor tbs
041 ## - CÓDIGO DE LENGUA
Código de lengua del texto/banda sonora o título independiente eng
042 ## - CÓDIGO DE AUTENTICACIÓN
Código de autenticación lccopycat
050 00 - SIGNATURA TOPOGRÁFICA DE LA BIBLIOTECA DEL CONGRESO
Número de clasificación HF5549.5.J63
Número de documento/Ítem G73 2018
100 ## - ENTRADA PRINCIPAL--NOMBRE DE PERSONA
Nombre de persona Graeber, David
Término indicativo de función/relación author
9 (RLIN) 25948
245 10 - MENCIÓN DE TÍTULO
Título Bullshit jobs
Mención de responsabilidad, etc. / David Graeber.
246 1# - FORMA VARIANTE DE TÍTULO
Texto de visualización Title on dust jacket :
Título propio/Titulo breve Bull shit jobs
Resto del título : a theory.
250 ## - MENCIÓN DE EDICIÓN
Mención de edición First Simon & Schuster hardcover edition.
260 ## - PUBLICACIÓN, DISTRIBUCIÓN, ETC.
Lugar de publicación, distribución, etc. New York, NY :
Nombre del editor, distribuidor, etc. Simon & Schuster,
Fecha de publicación, distribución, etc. 2018.
300 ## - DESCRIPCIÓN FÍSICA
Extensión xxvii, 333 pages :
Otras características físicas illustrations ;
Dimensiones 24 cm.
504 ## - NOTA DE BIBLIOGRAFÍA, ETC.
Nota de bibliografía, etc. Includes bibliographical references (pages 327-333)
505 0# - NOTA DE CONTENIDO CON FORMATO
Nota de contenido con formato Preface: On the phenomenon of bullshit jobs — What is a bullshit job? — What sorts of bullshit jobs are there? — Why do those in bullshit jobs regularly report themselves unhappy? — What is it like to have a bullshit job? — Why are bullshit jobs proliferating? — Why do we as a society not object to the growth of pointless employment? — What are the political effects of bullshit jobs, and is there anything that can be done about this situation?
520 ## - SUMARIO, ETC.
Sumario, etc. 'Does your job make a meaningful contribution to the world?' David Graeber asked this question in a playful, provocative online essay titled On the Phenomenon of Bullshit Jobs. He defined a bullshit job as 'a form of paid employment that is so completely pointless, unnecessary, or pernicious that even the employee cannot justify its existence, even though as part of the conditions of employment, the employee feels obliged to pretend that this is not the case.' After a million views in seventeen different languages, people all over the world are still debating the answer. ... Graeber, in his singularly searing and illuminating style, identifies the five types of bullshit jobs and argues that when 1 percent of the population controls most of a society's wealth, they control what jobs are 'useful' and 'important.' ... Graeber illustrates how nurses, bus drivers, musicians, and landscape gardeners provide true value, and what it says about us as a society when we look down upon them. Using arguments from some of the most revered political thinkers, philosophers, and scientists of our time, Graeber articulates the societal and political consequences of these bullshit jobs. Depression, anxiety, and a warped sense of our values are all dire concerns. He provides a blueprint to undergo a shift in values, placing creative and caring work at the center of our culture, providing the meaning and satisfaction we all crave.
650 #0 - PUNTO DE ACCESO ADICIONAL DE MATERIA--TÉRMINO DE MATERIA
Término de materia o nombre geográfico como elemento de entrada Job satisfaction
Subdivisión general Social aspects
9 (RLIN) 25949
650 #0 - PUNTO DE ACCESO ADICIONAL DE MATERIA--TÉRMINO DE MATERIA
Término de materia o nombre geográfico como elemento de entrada Organizational effectiveness
9 (RLIN) 2451
650 #0 - PUNTO DE ACCESO ADICIONAL DE MATERIA--TÉRMINO DE MATERIA
Término de materia o nombre geográfico como elemento de entrada Bureaucracy
Subdivisión general Social aspects
9 (RLIN) 25950
650 #0 - PUNTO DE ACCESO ADICIONAL DE MATERIA--TÉRMINO DE MATERIA
Término de materia o nombre geográfico como elemento de entrada Social structure.
650 #0 - PUNTO DE ACCESO ADICIONAL DE MATERIA--TÉRMINO DE MATERIA
Término de materia o nombre geográfico como elemento de entrada Work
Subdivisión general Social aspects
9 (RLIN) 25951
650 #0 - PUNTO DE ACCESO ADICIONAL DE MATERIA--TÉRMINO DE MATERIA
Término de materia o nombre geográfico como elemento de entrada Work
Subdivisión general Psychological aspects
9 (RLIN) 8000
942 ## - ELEMENTOS DE ENTRADA AGREGADA (KOHA)
Fuente del sistema de clasificación o colocación Clasificación de Library of Congress
Holdings
Estado de retiro Estado de pérdida Fuente del sistema de clasificación o colocación Estado dañado No para préstamo Biblioteca de origen Biblioteca actual Fecha de adquisición Total de préstamos Renovaciones totales Signatura topográfica completa Código de barras Fecha visto por última vez Fecha del último préstamo Número de copia Precio válido a partir de Tipo de ítem Koha
    Clasificación de Library of Congress     TBS Barcelona TBS Barcelona 23/09/2025 1 2 HF5549.5.J63 GRA B07597 12/12/2025 23/09/2025 1 23/09/2025 Book

Powered by Koha